000 00249nam a2200109Ia 4500
008 190216s9999||||xx |||||||||||||| ||und||
100 _aSurendran K
245 0 _aDasthayeviskiyude Katha
260 _bNbs Kottayam
650 _aKathakal
942 _cBK
999 _c25391
_d25391